| 000 | 00000nam##2200000za#4500 |
| 001 | 9.696126 |
| 003 | CaOODSP |
| 005 | 20210705115228 |
| 007 | cr ||||||||||| |
| 008 | 150407|2010||||xxc|||||o f|0| 0 eng|d |
| 020 | |a978-1-55465-747-6 |
| 040 | |aCaOODSP|beng |
| 043 | |an-cn--- |
| 086 | 1 |aH118-77/2010E-PDF |
| 110 | 1 |aCanada. |bCanadian Institute for Health Information. |
| 245 | 10|aMedical laboratory technologists and their environment |h[electronic resource] |
| 260 | |aOttawa - Ontario : |bCanadian Institute for Health Information |cMay 2010. |
| 300 | |a106p.|bcoloured figs., graphs, references, tables |
| 590 | |a12-18-Supp|b2012-04-25 |
| 775 | 08|tLes technologistes de laboratoire médical et leur milieu de travail |w(CaOODSP)9.640246 |
| 856 | 40|ahttp://publications.gc.ca|qPDF|s1.62 MB|uhttps://publications.gc.ca/collections/collection_2012/icis-cihi/H118-77-2010-eng.pdf |